[Event "17th Delhi GM Open 2019"]
[Site "Delhi"]
[Date "2019.01.09"]
[Round "1"]
[White "Visakh N R"]
[Black "Abid Ali Mujawar"]
[Result "1-0"]
[WhiteElo "2486"]
[BlackElo "1926"]
[Annotator "ChessBase"]
[PlyCount "73"]
[EventDate "2019.01.09"]
[EventType "swiss"]
[EventCountry "IND"]
[SourceTitle "playchess.com"]
[Source "ChessBase"]
[SourceQuality "1"]
[TimeControl "5400+30"]

1. e4 {[%emt 0:00:00]} c5 {[%emt 0:00:02]} 2. Nf3 {[%emt 0:00:00]} d6 {[%emt 0:00:20]} 3. Bb5+ {[%emt 0:05:19]} Nc6 {[%emt 0:00:38]} 4. O-O {[%emt 0:01:32]} Nf6 {[%emt 0:02:57]} 5. Re1 {[%emt 0:00:10]} Bd7 {[%emt 0:02:23]} 6. c3 {[%emt 0:03:03]} e6 {[%emt 0:04:20]} 7. d4 {[%emt 0:01:49]} cxd4 {[%emt 0:01:17]} 8. cxd4 {[%emt 0:00:02]} a6 {[%emt 0:01:27]} 9. Bxc6 {[%emt 0:04:41]} bxc6 {[%emt 0:02:25]} 10. e5 {[%emt 0:00:23]} Nd5 {[%emt 0:00:44]} 11. Nbd2 {[%emt 0:00:42]} Qc7 {[%emt 0:11:34]} 12. Nc4 {[%emt 0:03:52]} dxe5 {[%emt 0:08:04]} 13. dxe5 {[%emt 0:01:23]} Bc5 {[%emt 0:02:21]} 14. Ng5 {[%emt 0:00:50]} O-O {[%emt 0:03:45]} 15. Qd3 {[%emt 0:05:30]} f5 {[%emt 0:02:03]} 16. exf6 {[%emt 0:07:21]} Nxf6 {[%emt 0:02:02]} 17. Be3 {[%emt 0:00:05]} Bb4 {[%emt 0:03:59]} 18. Red1 {[%emt 0:08:10]} h6 {[%emt 0:02:59]} 19. Ne4 {[%emt 0:05:52]} Nd5 {[%emt 0:01:34]} 20. Bd4 {[%emt 0:01:13]} Rae8 {[%emt 0:05:20]} 21. Be5 {[%emt 0:00:35]} Qa7 {[%emt 0:01:38]} 22. Qg3 {[%emt 0:00:20]} Re7 {[%emt 0:01:58]} 23. a3 {[%emt 0:00:27]} Bc5 {[%emt 0:02:06]} 24. b4 {[%emt 0:00:13]} Bxf2+ {[%emt 0:03:45]} 25. Nxf2 {[%emt 0:00:51]} Ref7 {[%emt 0:01:30]} 26. Bd4 {[%emt 0:00:13]} Qa8 {[%emt 0:00:41]} 27. Ng4 {[%emt 0:00:27]} Nf4 {[%emt 0:00:44]} 28. Kh1 {[%emt 0:00:14]} c5 {[%emt 0:02:07]} 29. Nxh6+ {[%emt 0:01:49]} Kh7 {[%emt 0:00:29]} 30. Nxf7 {[%emt 0:00:09]} Rxf7 {[%emt 0:00:13]} 31. Ne5 {[%emt 0:02:16]} cxd4 {[%emt 0:00:58]} 32. Nxf7 {[%emt 0:00:07]} Nxg2 {[%emt 0:00:21]} 33. Ng5+ {[%emt 0:00:08]} Kg8 {[%emt 0:00:08]} 34. Qf3 {[%emt 0:00:42]} Bc6 {[%emt 0:00:33]} 35. Qf7+ {[%emt 0:00:05]} Kh8 {[%emt 0:00:04]} 36. Qh5+ {[%emt 0:00:06]} Kg8 {[%emt 0:00:09]} 37. Qh7+ {[%emt 0:00:00] Bd7 [%clk 0:29:38] Qg6 [%clk 0:47:21] Bc6 [%clk 0:30:22] Qh7+} 1-0

[Event "17th Delhi GM Open 2019"]
[Site "Delhi"]
[Date "2019.01.09"]
[Round "1"]
[White "Harsha Bharathakoti"]
[Black "Ilamparthi A R"]
[Result "0-1"]
[WhiteElo "2481"]
[BlackElo "1920"]
[Annotator "ChessBase"]
[PlyCount "86"]
[EventDate "2019.01.09"]
[EventType "swiss"]
[EventCountry "IND"]
[SourceTitle "playchess.com"]
[Source "ChessBase"]
[SourceQuality "1"]
[TimeControl "5400+30"]

1. d4 {[%emt 0:00:00]} Nf6 {[%emt 0:00:00]} 2. Bg5 {[%emt 0:00:30]} g6 {[%emt 0:01:18]} 3. Bxf6 {[%emt 0:00:08]} exf6 {[%emt 0:00:05]} 4. e3 {[%emt 0:00:05]} Bg7 {[%emt 0:00:06]} 5. g3 {[%emt 0:00:58]} O-O {[%emt 0:00:25]} 6. Bg2 {[%emt 0:00:15]} d5 {[%emt 0:01:12]} 7. Ne2 {[%emt 0:00:24]} c6 {[%emt 0:00:32]} 8. Nd2 {[%emt 0:01:42]} Be6 {[%emt 0:03:09]} 9. O-O {[%emt 0:02:27]} Nd7 {[%emt 0:03:41]} 10. Nf4 {[%emt 0:08:50]} f5 {[%emt 0:05:38]} 11. Rc1 {[%emt 0:03:14]} Nf6 {[%emt 0:02:19]} 12. c4 {[%emt 0:02:23]} Ne4 {[%emt 0:08:35]} 13. cxd5 {[%emt 0:05:21]} cxd5 {[%emt 0:01:28]} 14. Nb3 {[%emt 0:04:20]} b6 {[%emt 0:03:50]} 15. Qe2 {[%emt 0:10:42]} Rc8 {[%emt 0:04:41]} 16. Qb5 {[%emt 0:13:06]} Qd6 {[%emt 0:14:10]} 17. Qa6 {[%emt 0:03:31]} Qd7 {[%emt 0:06:23]} 18. Rfe1 {[%emt 0:04:11]} Bh6 {[%emt 0:15:23]} 19. Rf1 {[%emt 0:00:00]} Bg7 {[%emt 0:00:00]} 20. Rfe1 {[%emt 0:01:00]} Bh6 21. Nd3 {[%emt 0:06:31]} Bg7 {[%emt 0:04:58]} 22. Na1 {[%emt 0:16:42]} Rc4 {[%emt 0:06:35]} 23. Rxc4 {[%emt 0:06:14]} dxc4 {[%emt 0:00:08]} 24. Nf4 {[%emt 0:00:03]} c3 {[%emt 0:01:43]} 25. Nxe6 {[%emt 0:03:35]} fxe6 {[%emt 0:00:38]} 26. bxc3 {[%emt 0:01:29]} Nxc3 {[%emt 0:00:06]} 27. Rc1 {[%emt 0:00:49]} Rc8 {[%emt 0:03:15]} 28. Nb3 {[%emt 0:01:03]} e5 {[%emt 0:01:15]} 29. dxe5 {[%emt 0:04:13]} Bxe5 {[%emt 0:00:38]} 30. Bf3 {[%emt 0:00:18]} Kg7 {[%emt 0:02:26]} 31. Kg2 {[%emt 0:00:03]} g5 {[%emt 0:01:53]} 32. Kh1 {[%emt 0:01:09]} Rd8 {[%emt 0:01:55]} 33. Nd4 {[%emt 0:00:29]} Bxd4 {[%emt 0:01:26]} 34. exd4 {[%emt 0:00:03]} Qxd4 {[%emt 0:00:37]} 35. Qxa7+ {[%emt 0:00:04]} Rd7 {[%emt 0:00:16]} 36. Qb8 {[%emt 0:01:17]} g4 {[%emt 0:01:30]} 37. Bg2 {[%emt 0:00:49]} Nd1 {[%emt 0:01:18]} 38. h4 {[%emt 0:00:27]} gxh3 {[%emt 0:01:25]} 39. Bf3 {[%emt 0:00:31]} Nxf2+ {[%emt 0:00:09]} 40. Kh2 {[%emt 0:00:01]} Ng4+ {[%emt 0:00:35]} 41. Kxh3 {[%emt 0:00:02]} Qd2 {[%emt 0:02:01]} 42. Bxg4 {[%emt 0:01:14]} fxg4+ {[%emt 0:00:07]} 43. Kxg4 {[%emt 0:00:01]} Qe2+ {[%emt 0:01:08] Ra1} 0-1

[Event "17th Delhi GM Open 2019"]
[Site "Delhi"]
[Date "2019.01.09"]
[Round "1"]
[White "Deviatkin, Andrei"]
[Black "Mythireyan P"]
[Result "1-0"]
[WhiteElo "2461"]
[BlackElo "1913"]
[Annotator "TA"]
[PlyCount "24"]
[EventDate "2019.01.09"]
[EventType "swiss"]
[EventCountry "IND"]
[SourceTitle "playchess.com"]
[Source "ChessBase"]
[SourceQuality "1"]

{[%evp 9,24,39,55,56,68,60,53,59,49,41,61,26,36,25,38,0,-3]} 1. c4 e5 2. g3 f5 3. Bg2 Nf6 4. d4 e4 5. Nc3 Nc6 {[%cal Bb8c6,Bc6e7,Be7d5][%mdl 32]} (5... c6 6. d5 Bb4 7. Bd2 Na6 8. Nh3 O-O 9. O-O cxd5 10. Nxd5 Nxd5 11. cxd5 Bxd2 12. Qxd2 d6 13. f3 exf3 14. exf3 {½-½ (34) Svidler,P (2749)-Carlsen,M (2837) Astana 2012}) 6. Nh3 {A21: English Opening: 1...e5 2 Nc3} Be7 7. Bg5 $146 ({Predecessor:} 7. O-O O-O 8. f3 exf3 9. exf3 d5 10. cxd5 Nb4 11. Qb3 Nbxd5 12. Nf4 c6 {1-0 (50) Plachetka,J (2459)-Dauth,B (2274) Stare Mesto 2005}) 7... O-O 8. Nf4 {White is slightly better.} Ng4 9. Bxe7 Nxe7 10. h3 Nf6 11. e3 d5 12. cxd5 Nexd5 {[%mdl 32768] Loss on time!?} 1-0

[Event "17th Delhi GM Open 2019"]
[Site "Delhi"]
[Date "2019.01.09"]
[Round "1"]
[White "Karthikeyan, P.."]
[Black "Shah Jeet"]
[Result "1-0"]
[WhiteElo "2457"]
[BlackElo "1904"]
[Annotator "TA"]
[PlyCount "87"]
[EventDate "2019.01.09"]
[EventType "swiss"]
[EventCountry "IND"]
[SourceTitle "playchess.com"]
[Source "ChessBase"]
[SourceQuality "1"]

{[%evp 16,87,0,-7,7,7,20,15,20,12,20,27,32,-9,0,0,0,0,30,12,19,12,27,0,68,0,75,75,76,79,134,141,140,140,135,132,139,134,139,139,159,149,180,185,185,181,185,177,262,262,256,245,264,279,291,285,356,356,359,359,360,361,359,355,352,346,413,390,5510,5502,29971,497,487,413]} 1. e4 e5 2. Nf3 Nc6 3. d4 exd4 4. Nxd4 Bc5 5. Nb3 Bb6 6. Nc3 Nf6 7. Qf3 {C45: Scotch Game} d6 8. Bg5 Ne5 9. Qe2 $1 {LiveBook: 4 Games. The position is equal.} Be6 10. O-O-O h6 $1 {[%cal Rh6g5]} 11. Bh4 g5 $146 ({Predecessor:} 11... Qe7 12. f4 Ng6 13. Bxf6 Qxf6 14. g3 O-O-O {1-0 (22) Perunovic,M (2593)-Somborski,N (2310) Valjevo 2018}) 12. Bg3 $1 {[%cal Rg3e5] [#] Bxe5 is the strong threat.} Qe7 13. f3 O-O-O 14. Bf2 Rhe8 15. Bxb6 axb6 16. Qb5 Nfd7 17. Qa4 c6 $1 18. Nd4 Nc5 19. Qb4 Qc7 (19... d5 $11 20. Qxb6 dxe4) 20. Be2 ({White should try} 20. a4 $14) 20... d5 (20... b5 $1 $11) 21. exd5 $16 Bxd5 {[#]} 22. Ndb5 $1 $36 {[%mdl 2624] Deflection. White is really pushing.} cxb5 (22... Qe7 $142 23. Qa3 Na6) 23. Nxd5 Ned3+ 24. Bxd3 Rxd5 25. Bxb5 Red8 26. Rxd5 Rxd5 27. g3 Qe7 28. Qc3 {And now b4 would win.} Kb8 29. Re1 Ne6 30. Bc4 Rc5 31. Qh8+ Ka7 (31... Qd8 $142 32. Qxd8+ Nxd8) 32. Bxe6 $1 $18 fxe6 33. Qxh6 {[%mdl 4096] Endgame KQR-KQR} e5 34. Qg6 Ra5 35. a3 Qc5 36. Qxg5 Qf2 {[%cal Rf2e1]} 37. Qe3 Qxh2 38. g4 Rc5 {[%csl Gc5][%cal Rh2c2]} 39. Qe2 Qf4+ 40. Kb1 Qa4 41. Qd3 Rb5 $2 (41... Qf4 42. b3 Qf6) 42. Re4 Qa5 43. Qd7 (43. b4 $142 Qa6 44. c4 Rxb4+ 45. axb4 Qa4 46. Rxe5 Kb8 47. Rb5 Kc8 48. g5) 43... Rd5 44. Qa4 {Accuracy: White = 78%, Black = 35%.} 1-0

[Event "17th Delhi GM Open 2019"]
[Site "Delhi"]
[Date "2019.01.09"]
[Round "1"]
[White "Arpan, Das"]
[Black "Paichadze, Luka"]
[Result "0-1"]
[WhiteElo "2164"]
[BlackElo "2583"]
[Annotator "TA"]
[PlyCount "64"]
[EventDate "2019.01.09"]
[EventType "swiss"]
[EventCountry "IND"]
[SourceTitle "playchess.com"]
[Source "ChessBase"]
[SourceQuality "1"]

{[%evp 19,64,43,34,35,46,36,37,37,39,-6,41,4,129,147,147,100,154,31,52,57,47,-40,-48,-61,-37,-38,0,0,233,100,74,31,33,39,154,50,197,214,360,330,740,735,667,-827,-837,-29998,-29999]} 1. e4 c6 2. d4 d5 3. e5 Bf5 4. Nf3 e6 5. Be2 Nh6 (5... Ne7 6. O-O h6 7. Nbd2 Nd7 8. Nb3 g5 9. Ne1 Qc7 10. f4 c5 11. Nxc5 Nxc5 12. dxc5 Qxc5+ 13. Kh1 d4 14. Nd3 Qc7 15. fxg5 {0-1 (32) Shirov,A (2636)-Nakamura,H (2763) Douglas 2018}) 6. O-O {B12: Caro-Kann: Advance Variation} Bg6 7. a4 Nf5 8. Nbd2 Nd7 9. a5 Be7 10. Nb3 O-O {LiveBook: 39 Games} 11. g4 Nh4 12. Nxh4 Bxh4 13. f4 {Strongly threatening f5.} f6 14. Bd3 c5 $146 ({Predecessor:} 14... fxe5 15. dxe5 Bxd3 16. cxd3 {1-0 (56) Swati,G (2281)-Sagar,S (2433) Pune 2016}) 15. c4 {aiming for f5.} Bf7 (15... Bxd3 $11 {keeps the balance.} 16. Qxd3 cxd4) 16. cxd5 $16 (16. dxc5 $6 fxe5 17. a6 bxa6 $11) (16. Nxc5 $6 Nxc5 17. dxc5 fxe5 $11) 16... exd5 17. Bf5 {e6 is the strong threat.} (17. dxc5 $6 fxe5 18. a6 b6 $11) (17. Nxc5 Nxc5 18. dxc5 fxe5 $14) 17... fxe5 18. fxe5 (18. dxe5 $16 {Hoping for e6.} Re8 19. Bxd7 Qxd7 20. Nxc5) 18... c4 19. e6 Bg6 20. exd7 (20. Nd2 $1 $14 Bxf5 21. gxf5) 20... Bxf5 $15 21. Nc5 Bg6 (21... Bd3 $5 {[%cal Rf8f1]} 22. Rf4 Qe7 23. Nxd3 cxd3 24. Qxd3 Qxd7 $15) 22. Bf4 Rf7 23. g5 h6 $2 {[#]} (23... Bxg5 $11 24. Ne6 {[%mdl 64] Double Attack} Qe7 25. Bxg5 Qxe6 26. d8=Q+ Rxd8 27. Rxf7 Bxf7 28. Bxd8 Qg6+ 29. Kf1 Qf5+ 30. Kg2 (30. Kg1 Qg6+ 31. Kf1 Qf5+ 32. Kg1 Qg6+ $11) 30... Qg6+ 31. Kf1 Qf5+ 32. Kg1 Qg6+ 33. Kf1) 24. gxh6 (24. Qg4 $1 $18 {[%cal Rg4h4] and the rest is easy.} Bxg5 25. Bxg5 Qxg5 26. Qxg5 hxg5 27. Rxf7 Kxf7 28. Nxb7) 24... Qe7 25. Qg4 Bf5 26. Qg2 {Black must now prevent Be5.} Kh7 {[#]} (26... Be4 $1 $14 27. Bd6 (27. Nxe4 Qxe4 28. Bg3 Bf6 $14) 27... Bxg2 28. Bxe7 Rxf1+ 29. Rxf1 Bxe7 30. Kxg2 gxh6) 27. Be5 ({Resist} 27. Qxd5 $6 Bh3 $14) ({Only move:} 27. Bd6 $1 $16 {[%cal Rd6e7]} Qg5 28. Bg3 (28. Nxb7 $2 Qe3+ {[%mdl 64] Double Attack} 29. Kh1 Be4 $19) 28... Qxh6 29. Qxd5) 27... gxh6 ({Better is} 27... g6 $1 $14) 28. Qxd5 $18 Rg8+ (28... Raf8 $142 29. Qxb7 Bg6 30. Rxf7+ Qxf7) 29. Kh1 b6 $2 (29... Bg6 30. Qxb7 Bh5 31. Qe4+ Bg6) 30. axb6 axb6 31. Ne4 $4 {[%mdl 8192]} (31. Bc7 $18 Bg6 32. d8=Q Rxd8 33. Bxd8 Rxf1+ 34. Rxf1 Qxd8 35. Nd7) 31... Qe6 $19 {[%mdl 64] Overworked Piece} 32. Qxe6 Bxe4+ {Accuracy: White = 36%, Black = 16%.} 0-1

[Event "17th Delhi GM Open 2019"]
[Site "Delhi"]
[Date "2019.01.09"]
[Round "1"]
[White "Rajarshi Dutta"]
[Black "Amonatov, Farrukh"]
[Result "0-1"]
[WhiteElo "1971"]
[BlackElo "2621"]
[Annotator "TA"]
[PlyCount "60"]
[EventDate "2019.01.09"]
[EventType "swiss"]
[EventCountry "IND"]
[SourceTitle "playchess.com"]
[Source "ChessBase"]
[SourceQuality "1"]

{[%evp 13,60,0,0,-2,2,2,37,33,48,35,45,43,44,8,51,7,8,6,7,0,0,0,7,0,0,0,0,0,0,0,0,0,0,-12,-6,-30,-12,-36,-41,-53,-50,-151,-106,-480,-470,-476,-470,-539,-529]} 1. e4 e5 2. Nf3 d6 3. Bc4 Be7 4. Nc3 Nf6 5. O-O Bg4 6. Be2 Nc6 7. d3 O-O 8. h3 {C55: Two Knights: 4 d3, 4 d4 exd4 5 e5 and Max Lange Attack} Bxf3 9. Bxf3 Ne8 $146 ({Predecessor:} 9... Nd4 10. Nd5 {½-½ (10) Selmeci,T-Tringer,M (1483) Hungary 2016}) 10. Nd5 {White is slightly better.} Bg5 11. c3 Bxc1 12. Rxc1 Ne7 13. d4 c6 14. Nxe7+ Qxe7 15. Qb3 Nf6 {[%cal Be8f6,Bf6d7,Bd7c5][%mdl 32]} 16. dxe5 dxe5 17. Rfd1 a5 18. a4 Rfb8 19. Rd2 Nd7 20. Rcd1 Nc5 21. Qc4 b5 22. axb5 cxb5 23. Qd5 g6 24. h4 Kg7 25. g3 Ra7 26. Qa2 b4 27. Qc4 (27. cxb4 $1 $15 Rxb4 28. Rd5) 27... bxc3 28. Qxc3 $2 {[%mdl 8192] [#]} (28. bxc3 $17 a4 29. Kg2) 28... Rb3 $19 {Black is clearly winning.} 29. Qc4 Rxf3 30. Rd5 Rc7 {Accuracy: White = 36%, Black = 55%.} 0-1

[Event "17th Delhi GM Open 2019"]
[Site "Delhi"]
[Date "2019.01.09"]
[Round "1"]
[White "Lakshmi Krishna Bhushan D"]
[Black "Pantsulaia, Levan"]
[Result "0-1"]
[WhiteElo "1966"]
[BlackElo "2597"]
[Annotator "TA"]
[PlyCount "58"]
[EventDate "2019.01.09"]
[EventType "swiss"]
[EventCountry "IND"]
[SourceTitle "playchess.com"]
[Source "ChessBase"]
[SourceQuality "1"]

{[%evp 17,58,0,0,-33,0,-13,-14,-13,0,0,0,0,0,-18,-17,-15,-8,-63,-55,-75,-71,-123,-112,-99,-93,-85,-89,-141,-152,-221,-213,-199,-212,-381,-385,-383,-257,-773,0,-347,0,-767,-750]} 1. d4 Nf6 2. c4 c5 3. d5 e6 4. Nc3 exd5 5. cxd5 d6 6. Nf3 g6 7. Bf4 a6 8. Nd2 b5 {[%cal Bb7b5,Bb5b4][%mdl 32] A61: Modern Benoni: Nf3 without early e4} 9. a4 Nh5 {LiveBook: 13 Games. And now ...b4 would win.} (9... b4 10. Nce4 Nh5 11. Be3 f5 12. g4 Nf6 13. gxf5 Nxe4 14. Nxe4 Bxf5 15. Ng3 Qf6 16. Qd2 {1-0 (34) Sargissian,G (2667)-Ponomariov,R (2709) chess.com INT 2017}) 10. e3 Nxf4 {Black is slightly better.} 11. exf4 b4 $1 {[%cal Rb4c3]} 12. Nce4 Be7 13. Nc4 $146 ({Predecessor:} 13. Bd3 O-O 14. h4 Bxh4 15. Qc2 f5 16. Nxd6 Bxf2+ 17. Kxf2 Qxd6 {1-0 (30) Willsch,M (2286)-Zierke,O (2304) Germany 2006}) 13... O-O 14. Be2 f5 $36 {[%mdl 2048] Black is more active.} 15. Ng5 Bxg5 16. fxg5 Qxg5 17. Nxd6 (17. O-O $11) 17... Qxg2 $15 18. Bf3 Qg5 {Strongly threatening ...Qe7+.} 19. Nxc8 ({White should try} 19. Qe2 Qd8 20. Qe5) 19... Rxc8 20. d6 Ra7 $1 21. Qd5+ Kg7 22. h4 {[#]} ({White should play} 22. Qe5+ Qf6 23. Qxf6+ Kxf6 24. O-O-O) 22... Qf4 $1 $17 23. Kf1 (23. Be2 $17) 23... Nd7 $19 24. h5 {[#]} Nb6 $1 {[%cal Rb6d5]} 25. h6+ $2 (25. Qd3) 25... Kf6 26. Qd3 Qc4 27. Ke2 $2 (27. Qxc4 Nxc4 28. Be2 Nxb2 29. Ra2) 27... Qf4 (27... Re8+ $142 28. Kd2 Qf4+ 29. Kc2 c4) 28. Kf1 $1 Qc4 $2 (28... Nc4 29. Be2 Nd2+ 30. Ke1 Ne4) 29. Ke2 $1 Re8+ {Precision: White = 41%, Black = 61%.} 0-1

[Event "17th Delhi GM Open 2019"]
[Site "Delhi"]
[Date "2019.01.09"]
[Round "1"]
[White "Jayachandra Srinivas Vellanki"]
[Black "Rozum, Ivan"]
[Result "0-1"]
[WhiteElo "1963"]
[BlackElo "2589"]
[Annotator "TA"]
[PlyCount "68"]
[EventDate "2019.01.09"]
[EventType "swiss"]
[EventCountry "IND"]
[SourceTitle "playchess.com"]
[Source "ChessBase"]
[SourceQuality "1"]

{[%evp 19,68,2,2,2,2,6,8,0,0,-25,-18,-37,-12,-16,-18,-23,0,-23,0,-18,-14,-18,8,-10,8,5,16,9,67,0,8,0,0,-104,-86,-85,-89,-88,-79,-87,-84,-107,-77,-87,-84,-109,-10,-54,-63,-65,-40]} 1. d4 Nf6 2. c4 e6 3. Nf3 b6 4. g3 Ba6 5. Qc2 Bb4+ 6. Bd2 {E15: Queen's Indian: 4 g3 sidelines, 4 g3 Ba6 and 4 g3 Bb7 early deviations} Be7 7. Bg2 c6 8. O-O d5 9. cxd5 cxd5 10. Nc3 O-O {LiveBook: 13 Games} 11. Rfc1 Bb7 12. Ne5 Nfd7 13. Nxd7 Qxd7 {[#]} 14. Bf4 $146 ({Predecessor:} 14. e4 dxe4 15. Bxe4 Nc6 16. Be3 Nb4 {½-½ (26) Onischuk,A (2627)-Gurevich,M (2667) Cap d'Agde 2000}) 14... Nc6 {[%cal Bb8c6,Bc6d8,Bd8f7,Bf7d6,Bd6e4,Be4c3][%mdl 32]} 15. Rd1 f5 16. h4 Rac8 17. a3 a6 18. b3 Nd8 19. Qb2 Nf7 20. Na2 {[%cal Bc3a2,Ba2c1,Bc1d3,Bd3e5][%mdl 32]} Nd6 21. Nc1 a5 22. Nd3 Ba6 23. Ne5 Qb5 (23... Qb7 $11) 24. Ra2 (24. e4 $14 Nc4 25. Qa2 Nxe5 26. dxe5) 24... Ne4 $11 {Threatening ...Nc3.} 25. a4 Qb4 {And now ...Nc3 would win.} 26. Bd2 (26. Bxe4 $11 dxe4 27. Bd2) 26... Nc3 27. Bxc3 Rxc3 28. Rb1 Rfc8 29. Qd2 Bf6 ({But not} 29... Rxb3 $6 30. Rxb3 Qxb3 31. Rb2 $11) 30. Nf3 R8c6 31. Rab2 h6 32. h5 {[#]} Be7 (32... Rc1+ $1 $17 {[%mdl 512]} 33. Qxc1 (33. Rxc1 Qxd2) 33... Rxc1+ 34. Rxc1 Bxd4 35. Nxd4 Qxd4) 33. e3 Bd3 34. Ra1 $1 {White wants to play Ne5.} Rc2 {Precision: White = 39%, Black = 44%.} 0-1

[Event "17th Delhi GM Open 2019"]
[Site "Delhi"]
[Date "2019.01.09"]
[Round "1"]
[White "Kotepalli, Sai Nirupama"]
[Black "Gupta, Abhijeet"]
[Result "0-1"]
[WhiteElo "1949"]
[BlackElo "2581"]
[Annotator "TA"]
[PlyCount "62"]
[EventDate "2019.01.09"]
[EventType "swiss"]
[EventCountry "IND"]
[SourceTitle "playchess.com"]
[Source "ChessBase"]
[SourceQuality "1"]

{[%evp 12,62,10,7,33,0,9,9,23,-2,-16,-11,5,0,3,25,61,34,52,-38,-34,-44,-42,-61,-51,-135,-125,-132,-129,-156,-131,-250,-100,-189,-106,-110,-65,-50,0,-8,104,108,137,131,193,189,593,593,877,-71,170,0,869]} 1. d4 Nf6 {[%cal Bg8f6,Bf6h5,Bh5f4,Bf4e2][%mdl 32]} 2. Bf4 g6 3. e3 Bg7 4. Nf3 d6 5. Be2 Nh5 6. Bg5 {A48: 1 d4 Nf6 2 Nf3 g6: Torre, London and Colle Systems} h6 7. Bh4 {LiveBook: 22 Games} Nd7 8. O-O {White is slightly better.} g5 9. Nfd2 Nf4 $146 ({Predecessor:} 9... gxh4 10. Bxh5 Nf6 11. Nc3 h3 12. g3 Nxh5 13. Qxh5 Qd7 {½-½ (36) Dreev,A (2650)-Short,N (2640) Wijk aan Zee 1995}) 10. Bg3 Nxe2+ 11. Qxe2 h5 {[#] Threatens to win with ...h4.} 12. h3 e5 13. f4 exf4 14. exf4+ Kf8 15. c3 (15. fxg5 $1 $14 Bxd4+ {[%mdl 64] Double Attack} 16. Kh1 Bxb2 17. Nc3 Bxa1 18. Qc4) 15... g4 $1 $15 ({Much weaker is} 15... h4 $6 16. Be1 $14) 16. hxg4 hxg4 17. Ne4 d5 $36 {[%cal Bd6d5,Bd5d4][%mdl 2080] Black fights for an advantage.} 18. Nc5 ({White should try} 18. Ng5 $15) 18... Nxc5 19. dxc5 Bf5 20. Nd2 d4 21. Nc4 (21. Nb3 $17) 21... Qd5 (21... dxc3 $19 {is more deadly.} 22. Ne5 Qd4+ 23. Qf2 Qxf2+ 24. Rxf2 c2) 22. Rfe1 (22. Ne5 $17) 22... Kg8 ({Black should play} 22... Qxc5 $19 23. b4 d3+ {[%mdl 64] Discovered Attack} 24. bxc5 dxe2) 23. Rad1 Qxc5 24. Bf2 $1 {[%cal Rf2d4]} b5 25. Ne5 g3 (25... Qb6 $11 26. cxd4 Re8) 26. Bxd4 $16 Qd5 {[#]} 27. Qe3 $1 f6 (27... Qd8 $16) 28. Qxg3 $18 c5 $2 (28... Rh6 {is a better chance.} 29. Nf3 Rg6) 29. Bf2 Qxa2 30. Bd4 $2 (30. Nc6 $18 {Strongly threatening Ne7+.} Rh7 31. Ne7+ {[%mdl 64] Double Attack} Kh8 32. Nxf5) 30... Qd5 $2 (30... cxd4 31. Nc6 $11) (30... fxe5 $17 {keeps the pressure on.} 31. Bxe5 Qf7 32. Qxg7+ Qxg7 33. Bxg7 Kxg7) 31. Bf2 $2 (31. Be3 Qe6 32. Ng6 (32. Rd7 $2 Rh7 $19) 32... Bxg6 33. Qxg6) 31... Qa2 $1 {[%mdl 32768] Accuracy: White = 33%, Black = 28%. . Loss on time!?} 0-1

[Event "17th Delhi GM Open 2019"]
[Site "Delhi"]
[Date "2019.01.09"]
[Round "1"]
[White "Kadam Om Manish"]
[Black "Karthikeyan, Murali"]
[Result "0-1"]
[WhiteElo "1944"]
[BlackElo "2570"]
[Annotator "TA"]
[PlyCount "34"]
[EventDate "2019.01.09"]
[EventType "swiss"]
[EventCountry "IND"]
[SourceTitle "playchess.com"]
[Source "ChessBase"]
[SourceQuality "1"]

{[%evp 12,34,6,7,20,12,54,45,52,62,55,0,0,0,0,0,0,0,0,-404,-391,-524,-522,-982,-974]} 1. b3 e5 2. Bb2 d6 3. c4 Nc6 4. e3 g6 5. g3 (5. Nf3 Bg7 6. Be2 Nf6 7. d4 O-O 8. O-O Bf5 9. h3 h6 10. a3 Re8 11. d5 Nb8 12. Nc3 Ne4 13. Nxe4 Bxe4 14. Nd2 Bf5 15. b4 a5 16. Bc3 {1-0 (25) Karjakin,S (2763)-Gelfand,B (2695) Moscow 2018}) 5... Bg7 6. Bg2 {A01: Nimzowitsch-Larsen Opening} Nge7 7. Ne2 {LiveBook: 5 Games} h5 {[%cal Bh7h5,Bh5h4][%mdl 32]} 8. d4 {The position is equal.} exd4 $146 ({Predecessor:} 8... h4 9. d5 Nb4 10. Nbc3 Bg4 11. a3 Na6 12. b4 h3 13. Be4 {1-0 (29) Pabinger,P-Ramus,N DESC email 2005}) 9. Nxd4 Ne5 10. Nc3 h4 11. Qe2 (11. f4 $14 h3 12. Be4) 11... c5 $11 12. Nc2 Bg4 $36 {[%mdl 2048] White is under pressure.} 13. f3 h3 14. fxg4 hxg2 15. Qxg2 $2 {[%mdl 8192]} (15. Rg1 $1 $11 {and White has nothing to worry.}) 15... Nd3+ $19 {[%mdl 64] [#] Double Attack} 16. Kd2 Nxb2 17. Rab1 Qa5 {Accuracy: White = 60%, Black = 56%.} 0-1